| 000 | 00483nam a22001817a 4500 | ||
|---|---|---|---|
| 003 | OSt | ||
| 005 | 20130618110754.0 | ||
| 008 | 130618s1997 sp ||||| |||| 00| 0 spa d | ||
| 020 | _a8420479071 | ||
| 040 | _cCDMR | ||
| 100 | 1 |
_93798 _aRivas, Manuel _d1957- |
|
| 245 | 1 | 3 |
_aEl periodismo es un cuento _cManuel Rivas |
| 260 |
_aMadrid _bAlfaguara _c1997 |
||
| 300 | _a351 p. | ||
| 490 | _aTextos de escritor | ||
| 600 | 1 |
_93798 _aRivas, Manuel _d1957- _vRecull d'escrits |
|
| 942 |
_2udc _cMON |
||
| 999 |
_c6473 _d6473 |
||